| 000 | 09552namaa22004451i 4500 | ||
|---|---|---|---|
| 003 | EG-GICUC | ||
| 005 | 20260406113137.0 | ||
| 008 | 260313s2025 ua a|||frm||| 000 0 eng d | ||
| 040 |
_aEG-GICUC _beng _cEG-GICUC _dEG-GICUC _erda |
||
| 041 | 0 |
_aeng _beng _bara |
|
| 049 | _aDeposit | ||
| 082 | 0 | 4 | _a636.08966 |
| 092 |
_a636.08966 _221 |
||
| 097 | _aPh.D | ||
| 099 | _aCai01.10.14.Ph.D.2025.Kh.E | ||
| 100 | 0 |
_aKhlood Gamal Abdelkhalek, _epreparation. |
|
| 245 | 1 | 0 |
_aEffect of dietary supplementation of certain nanoparticles on semen quality and fertility of rabbit bucks / _cby Khlood Gamal Abdelkhalek ; Supervisors Dr. Mostafa Mohamed Abou-Ahmed, Dr. Abdel Raouf Morsy Ghallab, Dr. Mohamed Fathi Mohamed. |
| 246 | 1 | 5 | _aتأثير المكملات الغذائية لبعض الجسيمات النانوية علي جودة السائل المنوى وخصوبة ذكور الأرانب |
| 264 | 0 | _c2025. | |
| 300 |
_a150 pages : _billustrations ; _c25 cm. + _eCD. |
||
| 336 |
_atext _2rda content |
||
| 337 |
_aUnmediated _2rdamedia |
||
| 338 |
_avolume _2rdacarrier |
||
| 502 | _aThesis (Ph.D)-Cairo University, 2025. | ||
| 504 | _aBibliography: pages 129-149. | ||
| 520 | 3 | _aThe present study was designed to explore the potential benefits of orally administered black maca nano-emulsion (Lepidium meyenii Walp), nano-curcumin, and nano-moringa on semen quality, testosterone levels, fertility outcomes, and body weight in New Zealand White (NZW) rabbit bucks. Particular emphasis was placed on evaluating their influence on chilled and cryopreserved semen, as well as antioxidant status in serum and semen, and hemodynamic parameters. In Experiment I and Ⅱ forty mature NZW rabbit bucks (8–10 months old) were randomly assigned to four groups: a control group and three groups supplemented orally with black maca nano-emulsion at 60, 120, and 180 mg per rabbit, respectively, twice weekly for ten weeks. Eighty non-lactating does were similarly divided into four subgroups to receive chilled and frozen semen from the control group and the best-performing maca- treated group (60mg). Weekly semen collection and biweekly serum testosterone and Doppler parameters assessment were conducted throughout the trial. The results revealed that maca nano- emulsion at a concentration of 60 mg/buck (M60) significantly improved (P<0.05) semen quality parameters, increased serum testosterone levels, and enhanced the fertilizing capacity of both chilled and cryopreserved semen compared to the control group. Bucks in the M60 group also showed improved (P<0.05) growth performance and favorable hemodynamic changes, including reductions in resistive index (RI), pulsatility index (PI), and systolic/diastolic (S/D) ratios. Notably, serum catalase (CAT) and total antioxidant capacity (TAC) were elevated, although a paradoxical rise in malondialdehyde (MDA) was observed. In Experiment Ⅲ, thirty bucks aged 6–7 months were randomly allocated into three equal groups: control, nano-curcumin (15 mg/buck/day), and nano- moringa (30 mg/buck/day), administered orally for ten weeks. One hundred and twenty rabbit does were also divided to match the male groups (40 females per group), with twenty females per group inseminated using either chilled or frozen semen. Semen was collected biweekly and evaluated for quality, testosterone content, and oxidative stress markers. Both nano-curcumin and nano-moringa groups demonstrated clear improvements (P<0.0001) in semen parameters compared to the control. Serum and seminal testosterone levels increased markedly (P<0.05) in treated groups, accompanied by a noticeable rise in fertility outcomes following insemination with both chilled and frozen semen. Furthermore, antioxidant status in semen improved significantly, with a marked reduction (P<0.0001) in MDA concentrations. In conclusion, oral administration of black maca nano-emulsion at 60 mg/buck, nano-moringa at 30 mg/buck, and nano-curcumin at 15 mg/buck over a 10-week period exerted substantial positive effects on semen quality, testosterone levels, and fertilization potential. These findings suggest that the reproductive benefits of these natural agents may be largely attributed to their antioxidant activities, making them promising candidates for enhancing male fertility in rabbits and potentially other species. | |
| 520 | 3 | _aيهدف هذا العمل إلى دراسة التأثيرات المحتملة للإعطاء الفموي لكل من مستحلب النانو من الماكا السوداء؛ الكوركمين ؛ والمورينجا على خصوبة ذكور الارانب النيوزيلندى البيضاء، من خلال تقييم جودة السائل المنوي، ومستويات هرمون التستوستيرون، والحالة المضادة للأكسدة سواء في الدم او السائل المنوى ، إضافة إلى بعض المعايير الديناميكية الدموية . . في التجربة الأولى والثانية، وُزّع أربعون ذكرًا ناضجًا يتراوح اعمارهم بين 8-10شهور إلى أربع مجموعات (احدهما ضابطة وثلاث مجموعات عُولجت بالماكا السوداء بتركيزات مختلفة).وذلك مرتين اسبوعيا لمده 10 اسابيع؛وايضا تم توزيع ثمانين انثي غير مرضعة الي اربع مجموعات فرعية بحيث لقحت بالسائل المنوي المبرد والمجمد المأخوذ من المجموعة الضابطة ومن افضل مجموعة معالجة بالماكا وقد استمر جمع السائل المنوي اسبوعيا مع قياس مستويات التستوستيرون في الدم واخذ قياسات الدوبلركل اسبوعين طوال فترة التجربة، وقد أظهرت النتائج أن الجرعة المنخفضة (60 ملغ/ذكر) كانت الأكثر فاعلية في تحسين خصائص السائل المنوي، ورفع مستويات التستوستيرون، وتعزيز قدرة السائل المنوي المبرد والمجمد على الإخصاب، إلى جانب تحسن مؤشرات النمو والمؤشرات الدوبلرية، وارتفاع إلانزيمات المضادة للأكسدة مثل الكاتاليز والسعة الكلية لمضادات الاكسدة علي الرغم من الارتفاع الغير متوقع في مستوياتالمالوندايالدهيد. أما في التجربة الثالثة، فقد استُخدم ثلاثون ذكرًا تتراوح اعمارهم بين 6-7 شهور ؛ تم توزيعهم إلى ثلاث مجموعات (ضابطة، نانو-كوركمين، نانو-مورينجا)، كما جرى تقسيم 120 أنثى متعددة الولادات بما يتوافق مع توزيع الذكور (40 أنثى لكل مجموعة)، حيث لُقحت 20 أنثى من كل مجموعة باستخدام السائل المنوي المبرد، بينما لُقحت 20 أخرى بالسائل المنوي المجمد. وقد جُمعت عينات السائل المنوي مرة كل أسبوعين لتقييم جودته، وتقدير محتواه من هرمون التستوستيرون، بالإضافة إلى مؤشرات الإجهاد التأكسدي مع متابعة خصائص السائل المنوي بعد التبريد والتجميد؛ والخصوبة بعد التلقيح. وقد بينت النتائج أن المعاملتين بالنانو-كوركمين (15 ملغ/ذكر) والنانو-مورينجا (30 ملغ/ذكر) أدتا إلى تحسن ملحوظ في جودة السائل المنوي وارتفاع مستويات التستوستيرون، مع تحسن الخصوبة وتقليل مؤشرات الإجهاد التأكسدي. الخلاصة: أظهرت النتائج أن الإمداد الفموي بمستحلب النانو من الماكا السوداء (60 ملغ/ذكر)، والنانو-مورينجا (30 ملغ/ذكر)، والنانو-كوركمين (15 ملغ/ذكر) لمدة عشرة أسابيع يساهم بفاعلية في تعزيز خصوبة ذكور الارانب من خلال تحسين جودة السائل المنوي، وزيادة مستويات التستوستيرون، وتقوية القدرة المضادة للأكسدة، مما يؤكد أهميتها كعوامل طبيعية واعدة في تحسين الكفاءة التناسلية. | |
| 530 | _aIssues also as CD. | ||
| 546 | _aText in English and abstract in Arabic & English. | ||
| 650 | 0 | _aTheriogenology | |
| 650 | 0 | _aالتوليد والتناسل والتلقيح الاصطناعي | |
| 653 | 1 |
_aRabbit bucks _aBlack maca _aCurcumin _aMoringa oleifera _aNano-emulsion _aSemen quality _aFertility _aAntioxidants _aأرانب نيوزيلندى بيضاء _aالماكا السوداء |
|
| 700 | 0 |
_aMostafa Mohamed Abou-Ahmed _ethesis advisor. |
|
| 700 | 0 |
_aAbdel Raouf Morsy Ghallab _ethesis advisor. |
|
| 700 | 0 |
_aMohamed Fathi Mohamed _ethesis advisor. |
|
| 900 |
_b01-01-2025 _cMostafa Mohamed Abou-Ahmed _cAbdel Raouf Morsy Ghallab _cMohamed Fathi Mohamed _UCairo University _FFaculty of Veterinary Medicine _DDepartment of Theriogenology |
||
| 905 |
_aShimaa _eEman Ghareb |
||
| 942 |
_2ddc _cTH _e21 _n0 |
||
| 999 | _c179002 | ||